[Event "MP do lat 16 - dziewczeta"]
[Site "Sypniewo"]
[Date "2022.03.26"]
[Round "8.4"]
[White "Obrochta, Lena"]
[Black "Barwinska, Ewa"]
[Result "0-1"]
[BlackElo "1848"]
[WhiteElo "1685"]
[LiveChessVersion "1.4.8"]

1. e4 {[%clk 1:30:48]} c5 {[%clk 1:30:51]} 2. Nf3 {[%clk 1:31:03]} d6
{[%clk 1:31:12]} 3. d4 {[%clk 1:31:25]} cxd4 {[%clk 1:31:32]} 4. Nxd4
{[%clk 1:31:48]} Nf6 {[%clk 1:31:50]} 5. Nc3 {[%clk 1:32:03]} a6 {[%clk 1:32:11]}
6. f4 {[%clk 1:31:23]} e5 {[%clk 1:32:30]} 7. Nf3 {[%clk 1:30:56]} Qc7
{[%clk 1:32:50]} 8. a4 {[%clk 1:27:56]} Be7 {[%clk 1:32:58]} 9. Bd3
{[%clk 1:23:21]} Nbd7 {[%clk 1:33:11]} 10. O-O {[%clk 1:20:59]} O-O
{[%clk 1:33:12]} 11. Kh1 {[%clk 1:18:38]} Nc5 {[%clk 1:33:33]} 12. Qe1
{[%clk 1:14:59]} Re8 {[%clk 1:33:46]} 13. Nh4 {[%clk 1:09:25]} d5
{[%clk 1:32:25]} 14. fxe5 {[%clk 1:00:18]} Nfxe4 {[%clk 1:32:30]} 15. Nf3
{[%clk 0:55:55]} Nxd3 {[%clk 1:22:11]} 16. cxd3 {[%clk 0:54:58]} Nxc3
{[%clk 1:20:55]} 17. bxc3 {[%clk 0:53:15]} Bf5 {[%clk 1:14:06]} 18. Qd2
{[%clk 0:48:01]} Rac8 {[%clk 1:04:30]} 19. Bb2 {[%clk 0:48:04]} Qb6
{[%clk 1:00:42]} 20. Nd4 {[%clk 0:29:59]} Bg6 {[%clk 0:42:18]} 21. a5
{[%clk 0:25:40]} Qc7 {[%clk 0:39:50]} 22. Nf5 {[%clk 0:24:08]} Bxf5
{[%clk 0:34:54]} 23. Rxf5 {[%clk 0:24:32]} g6 {[%clk 0:29:57]} 24. Rf3
{[%clk 0:21:15]} Qxe5 {[%clk 0:28:30]} 25. c4 {[%clk 0:20:23]} Bg5
{[%clk 0:20:49]} 26. Qb4 {[%clk 0:10:15]} Qe7 {[%clk 0:12:49]} 27. Qc3
{[%clk 0:06:59]} f6 {[%clk 0:13:03]} 28. Qd4 {[%clk 0:05:03]} Qe5
{[%clk 0:08:08]} 29. Qb6 {[%clk 0:01:19]} Qe6 {[%clk 0:08:08]} 30. Qf2
{[%clk 0:00:42]} Qe2 {[%clk 0:07:12]} 31. Qd4 {[%clk 0:00:39]} dxc4
{[%clk 0:05:40]} 32. h4 {[%clk 0:00:46]} Bxh4 {[%clk 0:05:04]} 33. Bc3
{[%clk 0:00:35]} Qe5 {[%clk 0:03:46]} 34. Qxh4 {[%clk 0:00:34]} Qxc3
{[%clk 0:04:03]} 35. Rd1 {[%clk 0:00:35]} Rc5 {[%clk 0:02:49]} 36. Qf2
{[%clk 0:00:37]} Rh5+ {[%clk 0:02:40]} 37. Kg1 {[%clk 0:01:02]} Qe5
{[%clk 0:02:31]} 38. g3 {[%clk 0:00:35]} Qe2 {[%clk 0:01:12]} 39. Qxe2
{[%clk 0:00:33]} Rxe2 {[%clk 0:01:37]} 40. dxc4 {[%clk 0:30:37]} Rxa5
{[%clk 0:31:38]} 41. Rxf6 {[%clk 0:28:55]} Ra3 {[%clk 0:20:07]} 42. Rd7
{[%clk 0:21:39]} Rb2 {[%clk 0:18:37]} 43. Rff7 {[%clk 0:19:56]} Ra1+
{[%clk 0:17:42]} 44. Rf1 {[%clk 0:20:18]} Rxf1+ {[%clk 0:16:40]} 45. Kxf1
{[%clk 0:20:42]} a5 {[%clk 0:15:27]} 46. Rd8+ {[%clk 0:18:13]} Kg7
{[%clk 0:15:35]} 47. Ra8 {[%clk 0:17:19]} b6 {[%clk 0:13:08]} 48. c5
{[%clk 0:17:01]} bxc5 {[%clk 0:12:50]} 49. Rxa5 {[%clk 0:17:23]} Rc2
{[%clk 0:11:53]} 50. Ra7+ {[%clk 0:16:19]} Kh6 {[%clk 0:12:12]} 51. Rc7
{[%clk 0:15:57]} g5 {[%clk 0:06:14]} 52. g4 {[%clk 0:14:43]} Rc4 {[%clk 0:06:14]}
53. Rc6+ {[%clk 0:15:02]} Kg7 {[%clk 0:06:38]} 54. Rc7+ {[%clk 0:15:27]} Kf6
{[%clk 0:06:35]} 55. Rxh7 {[%clk 0:15:47]} Rxg4 {[%clk 0:07:02]} 56. Rc7
{[%clk 0:15:21]} Rc4 {[%clk 0:06:34]} 57. Ke2 {[%clk 0:15:00]} Kf5
{[%clk 0:03:50]} 58. Kd3 {[%clk 0:13:49]} Rd4+ {[%clk 0:04:04]} 59. Ke3
{[%clk 0:12:52]} Re4+ {[%clk 0:04:27]} 60. Kf3 {[%clk 0:11:21]} g4+
{[%clk 0:03:28]} 61. Kg3 {[%clk 0:11:13]} Re3+ {[%clk 0:03:44]} 62. Kf2
{[%clk 0:11:08]} Rc3 {[%clk 0:03:51]} 63. Rg7 {[%clk 0:09:47]} g3+
{[%clk 0:03:25]} 64. Kg2 {[%clk 0:06:09]} Kf4 {[%clk 0:02:53]} 65. Rf7+
{[%clk 0:06:26]} Ke4 {[%clk 0:03:16]} 66. Rd7 {[%clk 0:06:33]} Rd3
{[%clk 0:03:14]} 67. Rc7 {[%clk 0:05:13]} Kd4 {[%clk 0:03:27]} 68. Kf1
{[%clk 0:04:34]} Rd2 {[%clk 0:01:52]} 69. Rd7+ {[%clk 0:03:40]} Kc3
{[%clk 0:02:10]} 70. Rg7 {[%clk 0:03:06]} g2+ {[%clk 0:02:29]} 71. Ke1
{[%clk 0:02:01]} Ra2 {[%clk 0:02:19]} 72. Rg3+ {[%clk 0:01:45]} Kb4
{[%clk 0:02:43]} 73. Rg4+ {[%clk 0:01:57]} c4 0-1

[Event "MP do lat 16 - dziewczeta"]
[Site "Sypniewo"]
[Date "2022.03.26"]
[Round "8.5"]
[White "Arciszewska, Zuzanna"]
[Black "Tokarz, Izabela"]
[Result "1/2-1/2"]
[BlackElo "1796"]
[WhiteElo "1589"]
[LiveChessVersion "1.4.8"]

1. d4 {[%clk 1:30:59]} Nf6 {[%clk 1:30:21]} 2. c4 {[%clk 1:30:58]} g6
{[%clk 1:30:46]} 3. Nc3 {[%clk 1:30:49]} Bg7 {[%clk 1:31:11]} 4. Nf3
{[%clk 1:30:53]} O-O {[%clk 1:30:44]} 5. e4 {[%clk 1:30:51]} d6 {[%clk 1:31:10]}
6. Be2 {[%clk 1:28:48]} Nc6 {[%clk 1:31:15]} 7. h3 {[%clk 1:25:02]} e5
{[%clk 1:30:44]} 8. dxe5 {[%clk 1:16:56]} dxe5 {[%clk 1:30:34]} 9. Qxd8
{[%clk 1:16:33]} Rxd8 {[%clk 1:30:59]} 10. Bg5 {[%clk 1:11:57]} Nb4
{[%clk 1:23:32]} 11. O-O {[%clk 1:10:31]} h6 {[%clk 1:21:09]} 12. Bh4
{[%clk 1:10:26]} Re8 {[%clk 1:19:07]} 13. Rfd1 {[%clk 1:06:43]} c6
{[%clk 1:13:55]} 14. Rd6 {[%clk 0:53:02]} Nh5 {[%clk 1:12:59]} 15. Nh2
{[%clk 0:41:01]} Nf4 {[%clk 1:12:22]} 16. Ng4 {[%clk 0:40:00]} Be6
{[%clk 1:07:18]} 17. Bf1 {[%clk 0:36:36]} g5 {[%clk 0:59:41]} 18. Bg3
{[%clk 0:36:19]} Nc2 {[%clk 0:59:23]} 19. Rad1 {[%clk 0:35:53]} h5
{[%clk 0:58:16]} 20. Ne3 {[%clk 0:33:29]} Nd4 {[%clk 0:58:13]} 21. h4
{[%clk 0:31:14]} Bf8 {[%clk 0:56:01]} 22. R6xd4 {[%clk 0:28:50]} exd4
{[%clk 0:56:22]} 23. Rxd4 {[%clk 0:29:11]} Bc5 {[%clk 0:53:52]} 24. Rd1
{[%clk 0:28:47]} f6 {[%clk 0:53:38]} 25. e5 {[%clk 0:25:25]} fxe5
{[%clk 0:51:44]} 26. Ne4 {[%clk 0:25:02]} Be7 {[%clk 0:52:08]} 27. hxg5
{[%clk 0:24:54]} Rad8 {[%clk 0:52:03]} 28. Rc1 {[%clk 0:23:24]} Kg7
{[%clk 0:50:29]} 29. Nf6 {[%clk 0:15:22]} Bxf6 {[%clk 0:50:35]} 30. gxf6+
{[%clk 0:15:47]} Kf7 {[%clk 0:50:43]} 31. c5 {[%clk 0:15:20]} Rd2
{[%clk 0:49:57]} 32. Bc4 {[%clk 0:09:53]} Bxc4 {[%clk 0:49:30]} 33. Bxf4
{[%clk 0:09:28]} Be6 {[%clk 0:46:40]} 34. Bxe5 {[%clk 0:08:21]} h4
{[%clk 0:42:51]} 35. Bc3 {[%clk 0:07:42]} Rd7 {[%clk 0:42:55]} 36. Kh2
{[%clk 0:05:50]} Rg8 {[%clk 0:42:03]} 37. Re1 {[%clk 0:03:55]} Rg5
{[%clk 0:37:42]} 38. Nc2 {[%clk 0:00:50]} Bxa2 {[%clk 0:34:28]} 39. Nd4
{[%clk 0:01:04]} Bd5 {[%clk 0:20:29]} 40. f3 {[%clk 0:31:23]} Rg8
{[%clk 0:50:08]} 41. Nf5 {[%clk 0:29:27]} Rh8 {[%clk 0:44:49]} 42. Nd6+
{[%clk 0:28:05]} Kg6 {[%clk 0:43:36]} 43. f7 {[%clk 0:26:50]} Rf8
{[%clk 0:41:00]} 44. f4 {[%clk 0:21:25]} Bxf7 {[%clk 0:39:09]} 45. f5+
{[%clk 0:21:35]} Kg5 {[%clk 0:33:52]} 46. Bd2+ {[%clk 0:18:23]} Kh5
{[%clk 0:34:07]} 47. Re5 {[%clk 0:09:22]} Bd5 {[%clk 0:28:32]} 48. f6+
{[%clk 0:07:27]} Kg6 {[%clk 0:28:59]} 49. Rg5+ {[%clk 0:06:46]} Kxf6
{[%clk 0:27:30]} 50. Rf5+ {[%clk 0:07:14]} Kg7 {[%clk 0:27:51]} 51. Bc3+
{[%clk 0:07:19]} Kg8 {[%clk 0:27:24]} 52. Rg5+ {[%clk 0:06:47]} Kh7
{[%clk 0:27:50]} 53. Rg4 {[%clk 0:06:05]} b6 {[%clk 0:14:38]} 54. Rxh4+
{[%clk 0:04:15]} Kg6 {[%clk 0:15:04]} 55. Rg4+ {[%clk 0:03:29]} Kh5
{[%clk 0:14:57]} 56. Rg3 {[%clk 0:03:28]} Rf4 {[%clk 0:13:32]} 57. Ne8
{[%clk 0:02:52]} Rdf7 {[%clk 0:02:38]} 58. Ng7+ {[%clk 0:03:01]} Kh6
{[%clk 0:01:22]} 59. Rh3+ {[%clk 0:03:09]} Kg6 {[%clk 0:01:39]} 60. Rg3+
{[%clk 0:03:06]} Kh7 {[%clk 0:01:22]} 61. Rh3+ {[%clk 0:03:23]} Kg8
{[%clk 0:01:05]} 62. Ne6 {[%clk 0:03:03]} R7f6 {[%clk 0:00:35]} 63. Nxf4
{[%clk 0:03:17]} Rxf4 {[%clk 0:00:58]} 64. Rh8+ {[%clk 0:03:31]} Kf7
{[%clk 0:01:16]} 65. Rh7+ {[%clk 0:03:17]} Ke6 {[%clk 0:01:26]} 66. Rxa7
{[%clk 0:02:49]} bxc5 {[%clk 0:01:48]} 67. Rg7 {[%clk 0:02:06]} 1/2-1/2

[Event "MP do lat 16 - dziewczeta"]
[Site "Sypniewo"]
[Date "2022.03.26"]
[Round "8.6"]
[White "Rejniak, Zuzanna"]
[Black "Kucharska, Helena"]
[Result "1-0"]
[BlackElo "1687"]
[WhiteElo "1816"]
[LiveChessVersion "1.4.8"]

1. e4 {[%clk 1:30:57]} e5 {[%clk 1:30:54]} 2. Nf3 {[%clk 1:31:00]} Nc6
{[%clk 1:31:15]} 3. Bc4 {[%clk 1:31:18]} Bc5 {[%clk 1:31:35]} 4. O-O
{[%clk 1:31:31]} d6 {[%clk 1:30:32]} 5. d3 {[%clk 1:31:43]} Nf6 {[%clk 1:30:43]}
6. c3 {[%clk 1:30:22]} h6 {[%clk 1:30:49]} 7. Re1 {[%clk 1:17:45]} O-O
{[%clk 1:30:00]} 8. h3 {[%clk 1:16:18]} a6 {[%clk 1:28:24]} 9. Bb3
{[%clk 1:11:18]} Ba7 {[%clk 1:27:15]} 10. Nbd2 {[%clk 1:11:33]} Be6
{[%clk 1:27:13]} 11. Nf1 {[%clk 1:08:35]} Qd7 {[%clk 1:20:08]} 12. Ng3
{[%clk 1:05:48]} Rfe8 {[%clk 1:18:08]} 13. Bxe6 {[%clk 1:02:55]} fxe6
{[%clk 1:17:19]} 14. Be3 {[%clk 1:00:34]} Bxe3 {[%clk 1:17:05]} 15. Rxe3
{[%clk 1:00:51]} d5 {[%clk 1:11:32]} 16. Nh2 {[%clk 0:55:29]} Kh8
{[%clk 1:08:18]} 17. Ng4 {[%clk 0:49:46]} Nxg4 {[%clk 1:05:06]} 18. Qxg4
{[%clk 0:49:56]} d4 {[%clk 1:05:06]} 19. Rf3 {[%clk 0:49:11]} Rf8
{[%clk 1:04:57]} 20. Nf1 {[%clk 0:44:07]} Rxf3 {[%clk 1:01:14]} 21. Qxf3
{[%clk 0:44:29]} Rd8 {[%clk 1:01:24]} 22. Rd1 {[%clk 0:43:16]} Qe7
{[%clk 0:56:37]} 23. Qe2 {[%clk 0:42:27]} Qc5 {[%clk 0:50:37]} 24. Qd2
{[%clk 0:38:42]} a5 {[%clk 0:41:59]} 25. Nh2 {[%clk 0:34:03]} a4 {[%clk 0:36:12]}
26. Nf3 {[%clk 0:26:00]} a3 {[%clk 0:25:31]} 27. cxd4 {[%clk 0:26:25]} exd4
{[%clk 0:22:28]} 28. bxa3 {[%clk 0:23:07]} Qxa3 {[%clk 0:15:58]} 29. Rb1
{[%clk 0:23:17]} Rb8 {[%clk 0:11:23]} 30. Rb5 {[%clk 0:19:26]} Qd6
{[%clk 0:07:39]} 31. Rh5 {[%clk 0:12:13]} e5 {[%clk 0:07:45]} 32. Nh4
{[%clk 0:10:54]} Ne7 {[%clk 0:06:48]} 33. Qg5 {[%clk 0:11:09]} Kg8
{[%clk 0:06:52]} 34. Qxe5 {[%clk 0:11:16]} g5 {[%clk 0:04:47]} 35. Qxd6
{[%clk 0:11:07]} cxd6 {[%clk 0:05:07]} 36. Nf5 {[%clk 0:09:07]} Nxf5
{[%clk 0:05:07]} 37. exf5 {[%clk 0:09:34]} Kg7 {[%clk 0:05:18]} 38. h4
{[%clk 0:10:02]} g4 {[%clk 0:02:52]} 39. f6+ {[%clk 0:10:28]} Kxf6
{[%clk 0:03:14]} 40. Rxh6+ {[%clk 0:39:57]} Ke5 {[%clk 0:31:30]} 41. Rh5+
{[%clk 0:40:00]} Ke6 {[%clk 0:31:41]} 42. Rg5 {[%clk 0:37:12]} Ra8
{[%clk 0:31:42]} 43. Rxg4 {[%clk 0:37:36]} Kd5 {[%clk 0:32:08]} 44. h5
{[%clk 0:36:45]} Rxa2 {[%clk 0:32:13]} 45. h6 {[%clk 0:37:12]} Ra1+
{[%clk 0:32:11]} 46. Kh2 {[%clk 0:37:32]} Ra8 {[%clk 0:32:26]} 47. h7
{[%clk 0:36:32]} Rh8 {[%clk 0:32:45]} 48. Rg7 {[%clk 0:36:57]} b5
{[%clk 0:32:52]} 49. g4 {[%clk 0:37:15]} b4 {[%clk 0:26:57]} 50. g5
{[%clk 0:37:42]} b3 {[%clk 0:26:18]} 51. g6 {[%clk 0:38:07]} b2 {[%clk 0:25:34]}
52. Rb7 {[%clk 0:38:33]} Ke6 {[%clk 0:25:54]} 53. Rxb2 {[%clk 0:36:01]} Kf6
{[%clk 0:26:17]} 54. Rb7 {[%clk 0:22:35]} Kxg6 {[%clk 0:26:36]} 55. Kg3
{[%clk 0:23:03]} Kf5 {[%clk 0:26:24]} 56. f4 {[%clk 0:22:15]} Re8
{[%clk 0:24:59]} 57. Rg7 {[%clk 0:22:11]} Rh8 {[%clk 0:24:29]} 58. Rg5+
{[%clk 0:22:37]} Kf6 {[%clk 0:24:36]} 59. Rh5 {[%clk 0:23:01]} Kg6
{[%clk 0:23:57]} 60. Kg4 {[%clk 0:23:00]} d5 {[%clk 0:22:45]} 61. f5+
{[%clk 0:21:27]} Kg7 {[%clk 0:22:13]} 62. Kg5 {[%clk 0:21:17]} Rxh7
{[%clk 0:18:14]} 63. Rxh7+ {[%clk 0:21:41]} Kxh7 {[%clk 0:18:40]} 64. Kf6
{[%clk 0:22:09]} Kg8 {[%clk 0:19:04]} 65. Ke7 {[%clk 0:22:36]} 1-0

[Event "MP do lat 16 - dziewczeta"]
[Site "Sypniewo"]
[Date "2022.03.26"]
[Round "8.7"]
[White "Trybus, Dominika"]
[Black "Oborska, Magda"]
[Result "0-1"]
[BlackElo "1627"]
[WhiteElo "1534"]
[LiveChessVersion "1.4.8"]

1. Nf3 {[%clk 1:30:59]} d5 {[%clk 1:30:52]} 2. g3 {[%clk 1:31:23]} c5
{[%clk 1:31:11]} 3. Bg2 {[%clk 1:31:36]} Nc6 {[%clk 1:31:36]} 4. d3
{[%clk 1:30:45]} Nf6 {[%clk 1:31:55]} 5. O-O {[%clk 1:30:33]} g6 {[%clk 1:31:51]}
6. Nbd2 {[%clk 1:24:19]} Bg7 {[%clk 1:31:58]} 7. e4 {[%clk 1:22:06]} dxe4
{[%clk 1:30:19]} 8. dxe4 {[%clk 1:22:30]} O-O {[%clk 1:30:33]} 9. Qe2
{[%clk 1:21:57]} Qc7 {[%clk 1:27:31]} 10. c3 {[%clk 1:15:30]} Rd8
{[%clk 1:21:44]} 11. Nc4 {[%clk 1:10:06]} Nh5 {[%clk 1:09:46]} 12. Ne3
{[%clk 0:57:38]} Nf6 {[%clk 1:09:44]} 13. Qc2 {[%clk 0:53:43]} b6
{[%clk 1:08:05]} 14. Rd1 {[%clk 0:50:48]} Rxd1+ {[%clk 1:02:15]} 15. Nxd1
{[%clk 0:50:52]} Ba6 {[%clk 0:58:10]} 16. e5 {[%clk 0:41:58]} Nd5
{[%clk 0:46:11]} 17. Nd4 {[%clk 0:28:54]} Qxe5 {[%clk 0:43:13]} 18. Ne3
{[%clk 0:23:56]} cxd4 {[%clk 0:40:14]} 19. Bxd5 {[%clk 0:22:23]} dxe3
{[%clk 0:37:56]} 20. Bxc6 {[%clk 0:22:28]} Rc8 {[%clk 0:31:11]} 21. Bf3
{[%clk 0:15:15]} Bh6 {[%clk 0:23:23]} 22. Bxe3 {[%clk 0:09:42]} Bxe3
{[%clk 0:23:33]} 23. fxe3 {[%clk 0:10:06]} Qxe3+ {[%clk 0:23:54]} 24. Kg2
{[%clk 0:09:47]} Rd8 {[%clk 0:22:26]} 25. Rd1 {[%clk 0:10:07]} Rxd1
{[%clk 0:21:22]} 26. Qxd1 {[%clk 0:10:29]} Qd3 {[%clk 0:21:24]} 27. Qc1
{[%clk 0:09:17]} e5 {[%clk 0:21:14]} 28. Qe1 {[%clk 0:06:58]} f5 {[%clk 0:19:18]}
29. Bd1 {[%clk 0:05:11]} e4 {[%clk 0:18:07]} 30. Bb3+ {[%clk 0:05:01]} Kg7
{[%clk 0:18:03]} 31. Kf2 {[%clk 0:04:24]} e3+ {[%clk 0:18:12]} 32. Kg1
{[%clk 0:04:00]} Qe4 {[%clk 0:13:42]} 33. Qd1 {[%clk 0:03:10]} e2
{[%clk 0:11:37]} 34. Qd7+ {[%clk 0:03:24]} Kh6 {[%clk 0:11:55]} 35. Qd2+
{[%clk 0:02:52]} Kh5 {[%clk 0:09:49]} 36. Kf2 {[%clk 0:02:28]} Qh1
{[%clk 0:09:07]} 37. g4+ {[%clk 0:02:09]} Kxg4 {[%clk 0:08:29]} 38. h3+
{[%clk 0:01:51]} Kh5 {[%clk 0:08:14]} 39. Bd5 {[%clk 0:01:49]} Qf1+
{[%clk 0:08:25]} 0-1

[Event "MP do lat 16 - dziewczeta"]
[Site "Sypniewo"]
[Date "2022.03.26"]
[Round "8.8"]
[White "Uliasz, Katarzyna"]
[Black "Janikowska, Wiktoria"]
[Result "0-1"]
[BlackElo "1564"]
[WhiteElo "1575"]
[LiveChessVersion "1.4.8"]

1. e4 {[%clk 1:30:57]} c5 {[%clk 1:30:44]} 2. d3 {[%clk 1:31:22]} d6
{[%clk 1:30:54]} 3. g3 {[%clk 1:31:45]} g6 {[%clk 1:31:05]} 4. Bg2
{[%clk 1:31:49]} Bg7 {[%clk 1:31:06]} 5. f4 {[%clk 1:26:20]} e6 {[%clk 1:30:13]}
6. Nf3 {[%clk 1:25:54]} Nc6 {[%clk 1:29:56]} 7. O-O {[%clk 1:25:17]} Nge7
{[%clk 1:29:52]} 8. c3 {[%clk 1:19:57]} O-O {[%clk 1:26:26]} 9. Be3
{[%clk 1:14:10]} b5 {[%clk 1:21:20]} 10. Qd2 {[%clk 1:06:48]} Bb7
{[%clk 1:14:22]} 11. Nh4 {[%clk 0:54:37]} f5 {[%clk 1:09:22]} 12. exf5
{[%clk 0:50:50]} Nxf5 {[%clk 0:59:11]} 13. Nxf5 {[%clk 0:51:11]} exf5
{[%clk 0:57:56]} 14. Na3 {[%clk 0:47:22]} a6 {[%clk 0:57:58]} 15. Nc2
{[%clk 0:45:22]} Qc7 {[%clk 0:53:45]} 16. Rac1 {[%clk 0:34:16]} Ne7
{[%clk 0:50:42]} 17. d4 {[%clk 0:31:10]} Rad8 {[%clk 0:42:28]} 18. d5
{[%clk 0:26:21]} Nc8 {[%clk 0:42:10]} 19. Ne1 {[%clk 0:24:14]} Nb6
{[%clk 0:41:59]} 20. b3 {[%clk 0:24:18]} Qf7 {[%clk 0:41:38]} 21. c4
{[%clk 0:23:26]} b4 {[%clk 0:40:18]} 22. Nf3 {[%clk 0:23:24]} h6 {[%clk 0:40:06]}
23. Nh4 {[%clk 0:22:22]} Bf6 {[%clk 0:36:09]} 24. Qf2 {[%clk 0:21:48]} Nd7
{[%clk 0:31:52]} 25. Rce1 {[%clk 0:18:40]} Rfe8 {[%clk 0:31:24]} 26. g4
{[%clk 0:15:27]} fxg4 {[%clk 0:21:45]} 27. f5 {[%clk 0:13:11]} g5
{[%clk 0:21:06]} 28. Ng6 {[%clk 0:13:14]} Ne5 {[%clk 0:19:55]} 29. Be4
{[%clk 0:09:08]} Nxc4 {[%clk 0:15:28]} 30. bxc4 {[%clk 0:05:36]} Rxe4
{[%clk 0:15:47]} 31. Bxg5 {[%clk 0:03:35]} Rxe1 {[%clk 0:14:17]} 32. Rxe1
{[%clk 0:02:52]} Bxg5 {[%clk 0:13:21]} 33. h4 {[%clk 0:02:16]} gxh3
{[%clk 0:09:45]} 34. Qg3 {[%clk 0:01:45]} Kh7 {[%clk 0:09:48]} 35. Qxh3
{[%clk 0:01:07]} Bc8 {[%clk 0:09:50]} 36. Rf1 {[%clk 0:00:43]} Bxf5
{[%clk 0:06:44]} 37. Rxf5 {[%clk 0:00:38]} Qxg6 {[%clk 0:07:06]} 38. Kh2
{[%clk 0:00:49]} Rg8 {[%clk 0:07:18]} 39. Qf3 {[%clk 0:00:47]} Rg7
{[%clk 0:07:01]} 40. Rf8 Qc2+ {[%clk 0:33:48]} 41. Kh3 {[%clk 0:29:22]} Qc3
{[%clk 0:33:52]} 42. Kh2 {[%clk 0:27:48]} Qxf3 {[%clk 0:34:10]} 43. Rxf3
{[%clk 0:28:16]} Re7 {[%clk 0:34:30]} 44. Rf2 {[%clk 0:27:29]} Kg7
{[%clk 0:34:53]} 45. Kg3 {[%clk 0:27:04]} Re4 {[%clk 0:35:03]} 46. Rc2
{[%clk 0:27:09]} Rd4 {[%clk 0:34:58]} 47. Kf3 {[%clk 0:26:58]} Rd2
{[%clk 0:35:11]} 48. Rc1 {[%clk 0:26:49]} Rxa2 {[%clk 0:35:23]} 49. Rb1
{[%clk 0:26:36]} Bf6 {[%clk 0:35:08]} 50. Kg4 {[%clk 0:26:27]} Ra1
{[%clk 0:34:51]} 51. Rb3 {[%clk 0:26:42]} Ra3 {[%clk 0:35:13]} 52. Rb1
{[%clk 0:26:55]} b3 {[%clk 0:35:37]} 53. Kf5 {[%clk 0:27:13]} b2 {[%clk 0:35:44]}
54. Rg1+ {[%clk 0:26:57]} Kf7 {[%clk 0:35:58]} 55. Rh1 {[%clk 0:26:10]} Ra1
{[%clk 0:36:18]} 56. Rxa1 {[%clk 0:26:31]} bxa1=Q {[%clk 0:36:35]} 57. Kg4
{[%clk 0:26:48]} h5+ {[%clk 0:36:31]} 58. Kxh5 {[%clk 0:27:05]} Qg1
{[%clk 0:36:52]} 59. Kh6 {[%clk 0:27:25]} Qg6# {[%clk 0:37:16]} 0-1

[Event "MP do lat 16 - dziewczeta"]
[Site "Sypniewo"]
[Date "2022.03.26"]
[Round "8.9"]
[White "Samol, Julia"]
[Black "Dallemura, Anna"]
[Result "1/2-1/2"]
[BlackElo "1518"]
[WhiteElo "1317"]
[LiveChessVersion "1.4.8"]

1. e4 {[%clk 1:30:57]} e5 {[%clk 1:30:55]} 2. Nf3 {[%clk 1:31:24]} Nc6
{[%clk 1:31:18]} 3. Nc3 {[%clk 1:31:48]} Nf6 {[%clk 1:31:41]} 4. d4
{[%clk 1:31:59]} exd4 {[%clk 1:31:37]} 5. Nd5 {[%clk 1:31:50]} d6
{[%clk 1:29:37]} 6. Nxd4 {[%clk 1:30:15]} Nxd4 {[%clk 1:24:32]} 7. Qxd4
{[%clk 1:30:26]} Be7 {[%clk 1:23:21]} 8. Bd3 {[%clk 1:21:39]} h6 {[%clk 1:20:39]}
9. O-O {[%clk 1:16:14]} O-O {[%clk 1:17:57]} 10. Bd2 {[%clk 0:58:06]} Nxd5
{[%clk 1:09:03]} 11. exd5 {[%clk 0:58:01]} f5 {[%clk 1:07:19]} 12. f4
{[%clk 0:49:49]} Kh8 {[%clk 0:58:12]} 13. Rab1 {[%clk 0:46:20]} c5
{[%clk 0:52:29]} 14. Qe3 {[%clk 0:41:15]} a6 {[%clk 0:49:24]} 15. Qh3
{[%clk 0:38:43]} b5 {[%clk 0:46:31]} 16. Be2 {[%clk 0:31:05]} Bf6
{[%clk 0:42:33]} 17. Bf3 {[%clk 0:28:15]} Bb7 {[%clk 0:37:22]} 18. Rfe1
{[%clk 0:26:01]} b4 {[%clk 0:32:42]} 19. c3 {[%clk 0:23:42]} a5 {[%clk 0:31:27]}
20. Re6 {[%clk 0:22:41]} Bc8 {[%clk 0:29:39]} 21. Re2 {[%clk 0:19:06]} Rb8
{[%clk 0:28:22]} 22. Rbe1 {[%clk 0:18:53]} Bd7 {[%clk 0:27:10]} 23. Bh5
{[%clk 0:18:18]} bxc3 {[%clk 0:25:57]} 24. Bxc3 {[%clk 0:18:25]} Bb5
{[%clk 0:13:56]} 25. Re6 {[%clk 0:17:56]} Bxc3 {[%clk 0:14:06]} 26. bxc3
{[%clk 0:18:18]} Qb6 {[%clk 0:13:18]} 27. Re7 {[%clk 0:16:21]} Rb7
{[%clk 0:11:52]} 28. Qg3 {[%clk 0:15:46]} Rg8 {[%clk 0:07:17]} 29. Bf7
{[%clk 0:14:45]} Rxe7 {[%clk 0:07:34]} 30. Rxe7 {[%clk 0:15:13]} Qd8
{[%clk 0:05:50]} 31. Rb7 {[%clk 0:08:15]} Ba6 {[%clk 0:05:25]} 32. Ra7
{[%clk 0:08:41]} Qb6 {[%clk 0:04:53]} 33. Rxa6 {[%clk 0:07:13]} Qxa6
{[%clk 0:05:21]} 34. Bxg8 {[%clk 0:07:38]} Kxg8 {[%clk 0:05:43]} 35. Qe3
{[%clk 0:04:48]} Kh7 {[%clk 0:03:06]} 36. Qe6 {[%clk 0:04:41]} Qd3
{[%clk 0:03:11]} 37. h3 {[%clk 0:03:37]} Qxc3 {[%clk 0:02:13]} 38. Qxf5+
{[%clk 0:04:02]} Kg8 {[%clk 0:02:38]} 39. Qe6+ {[%clk 0:04:00]} Kh7
{[%clk 0:03:06]} 40. Qf5+ {[%clk 0:32:38]} 1/2-1/2

[Event "MP do lat 16 - dziewczeta"]
[Site "Sypniewo"]
[Date "2022.03.26"]
[Round "8.10"]
[White "Bialek, Alicja"]
[Black "Grzesik, Nikola"]
[Result "1-0"]
[BlackElo "1374"]
[WhiteElo "1383"]
[LiveChessVersion "1.4.8"]

1. e4 {[%clk 1:30:57]} c5 {[%clk 1:30:56]} 2. Nf3 {[%clk 1:31:23]} Nc6
{[%clk 1:31:22]} 3. Bb5 {[%clk 1:31:48]} d6 {[%clk 1:31:17]} 4. O-O
{[%clk 1:28:43]} g6 {[%clk 1:30:36]} 5. d4 {[%clk 1:26:19]} cxd4 {[%clk 1:29:11]}
6. Qxd4 {[%clk 1:20:11]} Nf6 {[%clk 1:17:51]} 7. e5 {[%clk 1:18:30]} Nh5
{[%clk 1:15:23]} 8. e6 {[%clk 1:05:47]} f6 {[%clk 1:00:10]} 9. Qc4
{[%clk 1:05:04]} Qc7 {[%clk 0:46:57]} 10. Nd4 {[%clk 0:46:57]} a6
{[%clk 0:44:23]} 11. Nc3 {[%clk 0:32:23]} axb5 {[%clk 0:20:44]} 12. Ndxb5
{[%clk 0:32:00]} Qa5 {[%clk 0:15:53]} 13. Nd5 {[%clk 0:31:19]} Bg7
{[%clk 0:10:30]} 14. b4 {[%clk 0:29:37]} Qa4 {[%clk 0:09:41]} 15. Nb6
{[%clk 0:18:33]} Qxb4 {[%clk 0:08:45]} 16. Qxb4 {[%clk 0:18:41]} Nxb4
{[%clk 0:08:44]} 17. Nxa8 {[%clk 0:18:52]} Nxc2 {[%clk 0:05:42]} 18. Nac7+
{[%clk 0:19:02]} Kd8 {[%clk 0:03:58]} 19. Rb1 {[%clk 0:19:09]} f5
{[%clk 0:03:20]} 20. Bd2 {[%clk 0:11:15]} Na3 {[%clk 0:01:55]} 21. Rbc1
{[%clk 0:05:27]} Nxb5 {[%clk 0:02:19]} 22. Nxb5 {[%clk 0:05:56]} Bxe6
{[%clk 0:01:19]} 23. Rfe1 {[%clk 0:06:04]} Bxa2 {[%clk 0:00:43]} 24. Ba5+
{[%clk 0:06:16]} Ke8 {[%clk 0:00:48]} 25. Nxd6+ {[%clk 0:06:26]} Kd7
{[%clk 0:01:05]} 26. Nxb7 {[%clk 0:05:03]} Bf6 {[%clk 0:01:15]} 27. Rc7+
{[%clk 0:05:10]} Ke8 {[%clk 0:01:35]} 28. Bb4 {[%clk 0:03:40]} Kf7
{[%clk 0:01:56]} 29. Bxe7 {[%clk 0:03:42]} Bxe7 {[%clk 0:02:13]} 30. Rexe7+
{[%clk 0:03:16]} Kf6 {[%clk 0:02:30]} 31. Rxh7 {[%clk 0:01:42]} Ra8
{[%clk 0:02:49]} 32. h4 {[%clk 0:01:15]} Bd5 {[%clk 0:02:14]} 33. Nc5
{[%clk 0:00:49]} Ra1+ {[%clk 0:02:07]} 34. Kh2 {[%clk 0:01:17]} Nf4
{[%clk 0:02:02]} 35. Nd7+ {[%clk 0:00:45]} Ke6 {[%clk 0:02:14]} 36. Nf8+
{[%clk 0:01:04]} Kf6 {[%clk 0:02:34]} 37. Rcd7 {[%clk 0:00:50]} Ra2
{[%clk 0:02:06]} 38. Rde7 {[%clk 0:01:01]} Be6 {[%clk 0:01:45]} 39. Nd7+
{[%clk 0:00:43]} Bxd7 {[%clk 0:01:25]} 40. Rhf7# {[%clk 0:31:09]} 1-0